The seven golden candlesticks. (Record no. 6202)

000 -LEADER
fixed length control field 00645nam a2200205 a 4500
001 - CONTROL NUMBER
control field :::00003945$&:&@@
003 - CONTROL NUMBER IDENTIFIER
control field OkBaRHE
005 - DATE AND TIME OF LATEST TRANSACTION
control field 20000607103315.0
008 - FIXED-LENGTH DATA ELEMENTS--GENERAL INFORMATION
fixed length control field s1974 j 000 0 eng u
020 ## - INTERNATIONAL STANDARD BOOK NUMBER
International Standard Book Number 0871487675.\0871487683
040 ## - CATALOGING SOURCE
Transcribing agency
100 1# - MAIN ENTRY--PERSONAL NAME
Personal name Horton, Wade H.
245 14 - TITLE STATEMENT
Title The seven golden candlesticks.
260 ## - PUBLICATION, DISTRIBUTION, ETC. (IMPRINT)
Place of publication, distribution, etc Cleveland, TN., :
Name of publisher, distributor, etc Pathway Press
Date of publication, distribution, etc c1974
300 ## - PHYSICAL DESCRIPTION
Extent 216 p. : map ;
Dimensions 22 cm.
650 ## - SUBJECT ADDED ENTRY--TOPICAL TERM
Topical term or geographic name as entry element Bible New Testament Revelation
General subdivision Seven Churches
650 ## - SUBJECT ADDED ENTRY--TOPICAL TERM
Topical term or geographic name as entry element The Seven Churches
942 ## - ADDED ENTRY ELEMENTS (KOHA)
Source of classification or shelving scheme
Koha item type Books
Copies
Lost status Shelving location Withdrawn status Full call number Date last seen Copy number Source of classification or shelving scheme Barcode Price effective from Damaged status Koha item type Permanent Location Not for loan Date acquired
 General Stacks BS 2825.2 .H652018-04-031 39452010-04-14 BooksRHEMA Bible Training College 2010-04-14